[Event "Windsor NAYCC U16-U18 Girls"]
[Site "Windsor"]
[Date "2016.08.07"]
[Round "1.27"]
[White "Laurrabaquio Ramirez, Itzel Aten"]
[Black "Samadashvili, Martha"]
[Result "0-1"]
[WhiteElo "1470"]
[BlackElo "1791"]
[PlyCount "62"]
[EventDate "2016.08.07"]
[EventType "swiss"]
[EventRounds "9"]
[EventCountry "CAN"]
[SourceTitle "EXT 2022"]
[Source "ChessBase"]
[SourceDate "2021.10.06"]
[SourceVersion "1"]
[SourceVersionDate "2021.10.06"]
[SourceQuality "1"]

1. c4 e5 2. Nc3 Nc6 3. g3 g6 4. Bg2 Bg7 5. Nf3 d6 6. 0-0 Nge7 7. d3 0-0 8. Bd2 h6 9. Rb1 Be6 10. b4 Qd7 11. Re1 f5 12. b5 Nd8 13. Qc1 Kh7 14. e3 c6 15. a4 Rc8 16. Rd1 d5 17. bxc6 Rxc6 18. cxd5 Nxd5 19. Qa3 Nf7 20. Nxd5 Bxd5 21. Rb5 e4 22. Nd4 Rcc8 23. dxe4 Bxe4 24. Bxe4 fxe4 25. Qa2 a6 26. Qd5 Qg4 27. f3 exf3 28. Rxb7 f2+ 29. Kg2 Qxd1 30. Rxf7 Rxf7 31. Qxf7 Rf8 0-1